Name the Composer 2 - Statistics

General Stats
  • This quiz has been taken 93 times
    74 since last reset
  • The average score is 9 of 15
Answer Stats
Song Answer % Correct
Eine Kleine Nachtmusik Wolfgang Amadeus Mozart
97%
Symphony No. 5 Ludwig Van Beethoven
87%
Clair de Lune Claude Debussy
79%
Peer Gynt Suite No. 1 Edvard Grieg
73%
Flight of the Bumblebee Nikolai Rimsky-Korsakov
70%
Carmen Suite No. 2 (Habañera) Georges Bizet
65%
Harry Potter Theme Song John Williams
62%
Gavotte in G Minor Johann Sebastian Bach
59%
Adagio for Strings Samuel Barber
57%
The Entertainer Scott Joplin
57%
Raindrop Prelude Frédéric Chopin
56%
The Barber of Seville (Overture) Gioachino Rossini
56%
Slavonic Dance No. 2 Antonín Dvořák
40%
Radetzky March Johann Strauss I
40%
Witches Dance Niccolò Paganini
16%
No matching quizzes found
Score Distribution
Percent of People with Each Score
Percentile by Number Answered
Your Score History
You have not taken this quiz since the last reset